000
00304nam a22001337a 4500
008
180914b xxu||||| |||| 00| 0 eng d
020
_a
9780195083286
041
_a
eng
080
_2
5 ED
_a
574
100
_a
9
101
_a
NUT
245
_a
Soils And Soil Fertility
_c
Troeh.F.R
942
_2
udc
_c
BK
999
_c
47756
_d
47756